| 000 | 00356 a2200121 4500 | ||
|---|---|---|---|
| 001 | 92356 | ||
| 082 | _aPR 2581 | ||
| 090 |
_c44325 _d44326 |
||
| 100 | _aM. Naveed, Prof Haris Ali and Dr. Muhammad Babar (Advisors) | ||
| 245 |
_aStructural Analysis of Mounting Shroud of C - 130 Aircraft _n79 'A' EC |
||
| 260 |
_aIslamabad _bNUST _c2015 |
||
| 300 | _axii,66p. | ||
| 942 |
_aCAE NUST _kPR 2581 |
||
| 999 |
_c327429 _d327429 |
||